• 首页
  • 本馆介绍
  • 公告通知
  • 最新文献
  • 馆藏检索
  • 电子资源
  • 读者导购
  • 参考咨询
  • 我的图书馆
  • 登录
  • 详细信息显示
  • 放入我的书架
  • 预约/预借图书
  • 作者相关作品
  • 分类相关作品
  • 丛书相关作品
  • 出版社相关作品

书目信息

  • 表格格式
  • 工作单格式
  • 卡片格式
题名:
篮球理论知识问答
    
 
作者: 李颖川 , 于振峰 , 余丽华 主编
分册:  
出版信息: 北京   北京体育大学出版社  2007
页数: 208页
开本: 23cm
丛书名:
单 册:
中图分类: G841.1
科图分类:
主题词: 篮球运动--体育理论--高等学校--教材 , 篮球运动 , 体育理论
电子资源:
ISBN: 978-7-81100-828-9
000 01311nam0 2200301 45
001 1130685796
005 20110310094322.00
010    @a978-7-81100-828-9@dCNY27.00
100    @a20110123d2007 ekmy0chiy0120 ea
101 0  @achi
102    @aCN@b110000
105    @ay z 000yy
106    @ar
200 1  @a篮球理论知识问答@ALan Qiu Li Lun Zhi Shi Wen Da@e各类篮球理论考试制胜宝典@EGe Lei Lan Qiu Li Lun Kao Shi Zhi Sheng Bao Dian@f李颖川,于振峰,余丽华主编@FLi Ying Chuan, Yu Zhen Feng, Yu Li Hua Zhu Bian
210    @a北京@c北京体育大学出版社@d2007
215    @a208页@d23cm
300    @a全国普通高校体育学科篮球系列教材北京市属市管高校人才强教计划资助项目
330    @a本书分为篮球理论知识问题篇和篮球理论知识答案篇两部分。全面系统地从篮球运动的历史、现状与未来;篮球技术与战术;篮球教学与训练;篮球规则、裁判法与组织编排;篮球教师与篮球教练员;篮球之最六个方面将篮球运动的理论作了整编。
517 1  @a各类篮球理论考试制胜宝典@AGe Lei Lan Qiu Li Lun Kao Shi Zhi Sheng Bao Dian
606 0  @a篮球运动@x体育理论@x高等学校@j教材
606 0  @a篮球运动
606 0  @a体育理论
690    @aG841.1@v4
701  0 @a李颖川@ALi Ying Chuan@4主编
701  0 @a于振峰@AYu Zhen Feng@4主编
701  0 @a余丽华@AYu Li Hua@4主编
801  0 @aCN@bTANGWEI@c20110310
905    @b0531262-65@dG841.1@e335@f4
    
    篮球理论知识问答:各类篮球理论考试制胜宝典/李颖川,于振峰,余丽华主编.-北京:北京体育大学出版社,2007
    208页;23cm
    全国普通高校体育学科篮球系列教材北京市属市管高校人才强教计划资助项目
    
    ISBN 978-7-81100-828-9:CNY27.00
    本书分为篮球理论知识问题篇和篮球理论知识答案篇两部分。全面系统地从篮球运动的历史、现状与未来;篮球技术与战术;篮球教学与训练;篮球规则、裁判法与组织编排;篮球教师与篮球教练员;篮球之最六个方面将篮球运动的理论作了整编。
●
相关链接 在E读中查询图书 在五车中查询图书 在当当中查询图书 在豆瓣中查询图书


正题名:篮球理论知识问答     索取号:G841.1/335         预约/预借

序号 登录号 条形码 馆藏地/架位号 状态 备注
1 0531262   205312623   第一样本阅览室/ [索取号:G841.1/335] 在馆    
2 0531263   205312632   第四借阅区/ [索取号:G841.1/335] 在馆    
3 0531264   205312641   第四借阅区/ [索取号:G841.1/335] 在馆    
4 0531265   205312650   密集书库-体育系/ [索取号:G841.1/335] 在馆    
唐山师范学院图书馆 欢迎您!
大连网信软件有限公司© 版权所有